The Christian home. (Record no. 7202)

MARC details
000 -LEADER
fixed length control field 01873cas a2200421 4500
001 - CONTROL NUMBER
control field 1624156
003 - CONTROL NUMBER IDENTIFIER
control field OCoLC
005 - DATE AND TIME OF LATEST TRANSACTION
control field 20190123201028.0
008 - FIXED-LENGTH DATA ELEMENTS--GENERAL INFORMATION
fixed length control field 750914c19689999tnuqr1p 0 a0eng
010 ## - LIBRARY OF CONGRESS CONTROL NUMBER
LC control number 71200986 //r85
022 1# - INTERNATIONAL STANDARD SERIAL NUMBER
International Standard Serial Number 0009-5370
032 ## - POSTAL REGISTRATION NUMBER
Postal registration number 108260
Source agency assigning number USPS
035 ## - SYSTEM CONTROL NUMBER
System control number 0976044
040 ## - CATALOGING SOURCE
Modifying agency BTI
-- NSD
-- DLC
-- NSD
-- DLC
-- NSD
-- BTI
-- DLC
Transcribing agency DLC
042 ## - AUTHENTICATION CODE
Authentication code nsdp
-- lc
050 0# - LIBRARY OF CONGRESS CALL NUMBER
Classification number BV4485
Item number .C452
082 ## - DEWEY DECIMAL CLASSIFICATION NUMBER
Classification number 249.05
082 ## - DEWEY DECIMAL CLASSIFICATION NUMBER
Classification number 259.1
Item number R332C
222 #4 - KEY TITLE
Key title The Christian home
Qualifying information (Nashville)
245 04 - TITLE STATEMENT
Title The Christian home.
Statement of responsibility, etc. By Reeves, Billy E.
260 ## - PUBLICATION, DISTRIBUTION, ETC.
Place of publication, distribution, etc. [Nashville, Tenn.,
Name of publisher, distributor, etc. Graded Press, etc.]
265 ## - SOURCE FOR ACQUISITION/SUBSCRIPTION ADDRESS [OBSOLETE]
Source for acquisition/subscription address [OBSOLETE] Graded Press, United Methodist Publishing House, 201 Eighth Ave. South, Nashville, TN 37202
300 ## - PHYSICAL DESCRIPTION
Extent v.
Other physical details ill. (part col.), ports.
Dimensions 29 cm.
310 ## - CURRENT PUBLICATION FREQUENCY
Current publication frequency Quarterly
Date of current publication frequency Sept./Nov. 1980-
321 ## - FORMER PUBLICATION FREQUENCY
Former publication frequency Monthly
Dates of former publication frequency 1941-197
350 ## - PRICE (NR) (BK AM CF MU VM SE) [OBSOLETE]
Price $6.25
362 0# - DATES OF PUBLICATION AND/OR SEQUENTIAL DESIGNATION
Dates of publication and/or sequential designation v. 1- Sept. 1968-
510 0# - CITATION/REFERENCES NOTE
Name of source United Methodist periodical index
550 ## - ISSUING BODY NOTE
Issuing body note Vols. for 1968- prepared by the General Board of Education through the Editorial Division of the United Methodist Church; 19<75-> by the Board of Discipleship, through the Section on Curriculum Resources; <, Jan. 1978-> by the Board of Discipleship, through the Curriculum Resources Committee.
580 ## - LINKING ENTRY COMPLEXITY NOTE
Linking entry complexity note Supersedes: The Christian home (Nashville), ISSN 0009-5370, published 1941-Aug. 1968 with different numbering designation.
650 #0 - SUBJECT ADDED ENTRY--TOPICAL TERM
Topical term or geographic name entry element Christian life
General subdivision Periodicals.
650 #0 - SUBJECT ADDED ENTRY--TOPICAL TERM
Topical term or geographic name entry element Families
General subdivision Religious life
-- Periodicals.
710 2# - ADDED ENTRY--CORPORATE NAME
Corporate name or jurisdiction name as entry element United Methodist Church (U.S.).
Subordinate unit Board of Discipleship.
-- Curriculum Resources Committee.
710 2# - ADDED ENTRY--CORPORATE NAME
Corporate name or jurisdiction name as entry element United Methodist Church (U.S.).
Subordinate unit Board of Discipleship.
-- Section on Curriculum Resources.
710 2# - ADDED ENTRY--CORPORATE NAME
Corporate name or jurisdiction name as entry element Methodist Board of Education (U.S.).
Subordinate unit Editorial Division.
780 12 - PRECEDING ENTRY
Title Christian home
Qualifying information (Nashville)
International Standard Serial Number 0009-5370
942 ## - ADDED ENTRY ELEMENTS (KOHA)
Source of classification or shelving scheme Dewey Decimal Classification
Koha item type Books
Holdings
Withdrawn status Lost status Source of classification or shelving scheme Damaged status Not for loan Collection code Home library Current library Shelving location Date acquired Cost, normal purchase price Total Checkouts Full call number Barcode Date last seen Price effective from Koha item type
    Dewey Decimal Classification     Non-fiction Harvest Mission College Harvest Mission College General Stacks 23.01.2019 350.00   249.05 008135 23.01.2019 23.01.2019 Books

OPAC Designed and Maintained by HMC Library Team.
Copyright © HMC Library,Greater Noida, UP.
For any Suggestions/Query Contact library via Email:libhmc@gmail.com